Statystyki dla Największe miasta w województwie dolnośląskim A-Z

Kliknij tutaj aby rozwiązać quiz!

Ogólne statystyki

  • Ten quiz został rozwiązany 4 355 razy
  • Średni wynik to 8 z 18

Statystyki odpowiedzi

#MiastoPopulacja% Poprawnych
WWrocław672 929
99%
LLegnica94 878
81%
JJelenia Góra77 305
75%
GGłogów64 261
64%
ŚŚwidnica54 792
63%
BBolesławiec37 559
58%
KKłodzko25 717
55%
ZZgorzelec29 966
53%
OOleśnica35 856
51%
DDzierżoniów31 866
44%
PPolkowice21 786
41%
TTrzebnica13 631
38%
MMilicz11 025
32%
SStrzegom15 371
24%
NNowa Ruda21 264
20%
CChojnów12 769
19%
ŻŻarów6 603
15%
RRadków2 310
13%

Rozkład punktacji

Percentyl według liczby udzielonych odpowiedzi

Procent ludzi z każdym wynikiem

Twoja historia wyników

Nie rozwiązałeś tego quizu